1784 1711 1654 1129 1262 1435 1216 1845 1769 1517 1294 1623 1670 1637 1266 1521 1943 1869 1585 1411 1231 1148 1253 1048 1126 1142 1306 1955 1623 1280 1640 1939 1034 1180 1806 1465 1439 1485 1606 1715 1099 1153 1622 1381 1700 1133 1463 1924 1880 1116 1695 1723 1195 1826 1742 1533 1397 1245 1796 1264 1288 1836 1470 1249 1863 1036 1948 1691 1968 1944 1056 1549 1163 1473 1421 1454 1135 1460 1049 1957 1074 1469 1752 1163 1677 1428 1583 1186 1772 1706 1398 1902 1450 1139 1070 1411 1087 1166 1040 BCNSPRNW ULIB Ver.6.0+V

เปลี่ยนเป็นภาษาไทย

Change to English
 แสดงรายละเอียดบรรณานุกรม
  กลับหน้าหลัก

Brief Record : Get Marc (ISO 2709) : E-mail record : QR code < ปิดหน้าต่าง
LEADER : 00000nam 2200000uu 4500
001    13399121822
003     ULIB
008    110411s2553||||th 000 0 tha d
020    9789744664198
020    9789744664327
060 04 WW290^bม321ต
100 0  มัญชิมา มะกรวัฒนะ
245 10 ตำรา ต้อหิน /^cมัญชิมา มะกรวัฒนะ
250    พิมพ์ครั้งที่ 1
260    ปทุมธานี :^bโรงพิมพ์มหาวิทยาลัยธรรมศาสตร์,^c2553
300    136 หน้า :^bภาพประกอบสี ;^c22 ซม.
650  2 Glaucoma
650  2 Glaucoma^xsurgery
650  7 ต้อหิน
650  7 ต้อหิน^xการรักษา
650  7 ตา, โรค
945    ^p250^l0^i033189
945    ^p250^l0^i033683
945    ^p250^l0^i033684
945    ^p250^l0^i033685
995    ทศพร
999 ^a ใช้งานได้ทุกระบบ
รายการนี้ยังไม่มีแท็ก
คุณยังไม่ได้ล็อกอิน คุณสามารถมีกิจกรรมร่วมกับเว็บไซต์ได้ แต่ต้องล็อกอินก่อน ::
  ล็อกอิน

รายการสื่อสารสนเทศ

ลำดับที่ ประเภท เลขเรียก/บาร์โค้ด สถานที่ สถานะ
1. วิทยาศาสตร์การแพทย์ และสุขภาพ
หนังสือสำรอง
สถานะ=หนังสือสำรอง
WW290 ม321ต ฉ.1 
  Barcode: 033189
ห้องสมุดวิทยาเขตสวรรค์ประชารักษ์
►ส่วนจัดเก็บหนังสือเก่า สปร
บนชั้น
  ขอยืม
2. วิทยาศาสตร์การแพทย์ และสุขภาพ
วิทยาศาสตร์การแพทย์ และสุขภาพ
WW290 ม321ต ฉ.2 
  Barcode: 033683
ห้องสมุดวิทยาเขตสวรรค์ประชารักษ์
►หนังสือทั่วไป
บนชั้น
3. วิทยาศาสตร์การแพทย์ และสุขภาพ
วิทยาศาสตร์การแพทย์ และสุขภาพ
WW290 ม321ต ฉ.3 
  Barcode: 033684
ห้องสมุดวิทยาเขตสวรรค์ประชารักษ์
►ส่วนจัดเก็บหนังสือเก่า สปร
บนชั้น
  ขอยืม
4. วิทยาศาสตร์การแพทย์ และสุขภาพ
วิทยาศาสตร์การแพทย์ และสุขภาพ
WW290 ม321ต ฉ.4 
  Barcode: 033685
ห้องสมุดวิทยาเขตสวรรค์ประชารักษ์
►ส่วนจัดเก็บหนังสือเก่า สปร
บนชั้น
  ขอยืม

รายการใกล้เคียง
    ผู้แต่ง [มัญชิมา มะกรวัฒนะ]

    หัวเรื่อง [Glaucoma]
    หัวเรื่อง [ต้อหิน]
    หัวเรื่อง [ตา, โรค]

BibComment


ยังไม่เคยถูกคอมเมนท์

คอมเมนท์ทรัพยากรรายการนี้
  คอมเมนท์: ตำรา ต้อหิน มัญช..


 Copyright 2026. Bcnsprnw @Library